zpět

Detail výsledku týmu

Mama Shelter - Holešovice, Praha

Datum a čas kvízu

26.5 Celkem bodů Celkový počet nahraných bodů na tomto kvízu bez doplňovacích otázek.
10. Pořadí na kvízu Konečné umístění týmu na tomto kvízu.

Zaznamenané odpovědi

# Otázka Odpověď Body Výsledky
1. Ve čtvrtek jsme se dozvěděli,... Rohlík.cz 1
2. Vláda jedné země chystá poměrn... Austrálie 1
3. Minulý týden byl zveřejněn tea... Marty Pohl, Řezník 0.5
4. Minulý týden jsme se dozvěděli... 5 000 Kčs 0
5. V úterý byly zveřejněny podrob... Tadej Pogačar, Spojené arabské emiráty 0
6. Robin Hood je britsko-americký... Ridley Scott, Russel Crowe 0
7. Nyní se podíváme na film režis... Křižáček 0
8. Německý film režiséra Edwarda... Na západní frontě klid, Erich Maria Remarque 1
9. Protektor je film režiséra Mar... Jana Plodková, Marek Daniel 0.5
10. Napište název filmu, z něhož p... Apokalypsa/Apocalypse Now 0